| 000 | 00444nam a22001817a 4500 | ||
|---|---|---|---|
| 005 | 20250805120338.0 | ||
| 008 | 250805b |||||||| |||| 00| 0 eng d | ||
| 020 | _a9788198526854 | ||
| 041 | _aEnglish | ||
| 082 | _a347.08 AIR | ||
| 100 | _aAIR | ||
| 245 | _aPractical Approach to Law of Civil Appeals | ||
| 250 | _a1st | ||
| 260 |
_aNagpur, _bAll India Reporter, _c2025 |
||
| 300 | _a592 p | ||
| 650 | _aLaw of Civil Appeals | ||
| 942 | _cDB | ||
| 999 |
_c9023 _d9023 |
||